Teratai

Bibliographic Details
Main Author: Kaman Othman
Format: Book
Published: K.L : K Publishing & Distributors , 1991

MARC

LEADER 00000cam a2200000 7i4500
001 0000006605
002 000007126
005 20000330.0
020 |a 9838521248 
090 0 0 |a F   |b KAM 
100 0 |a Kaman Othman 
245 1 0 |a Teratai   |c Kaman Othman 
260 |a K.L :   |b K Publishing & Distributors ,   |c 1991 
300 |a 277p. ;   |c 18cm. 
999 |a 038371   |b BUKU   |c PINJAMAN   |e PERPUSTAKAAN KOMUNITI PETALING JAYA